OSMANLININ KAYIP ATLASI (Record no. 1103391)

MARC details
000 -LEADER
sabit uzunluktaki kontrol alanı 00252nam a2200097Ia 4500
001 - KONTROL NUMARASI
kontrol alanı 1103391
005 - EN SON İŞLEMİN TARİH VE ZAMANI
kontrol alanı 20250827003339.0
008 - SABİT-UZUNLUKTA VERİ ÖĞELERİ--GENEL BİLGİ
sabit uzunluktaki kontrol alanı 250824s9999 xx 000 0 und d
245 #0 - ESER / YAZAR
ESER ADI OSMANLININ KAYIP ATLASI
Yazar Adı MUSTAFA ARMAĞAN
260 ## - YAYIN, DAĞITIM, VB.
YAYIN EVİ KETEBE YAYINLARI
Holdings
Düşüm durumu Kayıp durumu Hasar Durumu Ödünç verilmez Ana kütüphane Geçerli Kütüphane Edinilen tarih Toplam ödünç verme sayısı Barkod Son görüntüleme tarihi Fiyatın geçerli olmaya başladığı tarih Koha materyal türü
        DOLAPOĞLU ANADOLU LİSESİ DOLAPOĞLU ANADOLU LİSESİ 24.08.2025   10881260 27.08.2025 27.08.2025 Books